Su alteza el vendedor / (Record no. 51233)

MARC details
000 -LEADER
campo de control de longitud fija 00721nam a2200205 i 4500
001 - NÚMERO DE CONTROL
campo de control 51233
003 - IDENTIFICADOR DE NÚMERO DE CONTROL
campo de control ES-MaACL
005 - FECHA Y HORA DE LA ÚLTIMA TRANSACCIÓN
campo de control 20230906162324.0
007 - CAMPO FIJO DE DESCRIPCIÓN FÍSICA--INFORMACIÓN GENERAL
campo de control de longitud fija t|
008 - DATOS DE LONGITUD FIJA--INFORMACIÓN GENERAL
campo de control de longitud fija 030811s1967 sp ||||1| spa d
100 1# - ENTRADA PRINCIPAL--NOMBRE DE PERSONA
Nombre de persona Chapotin, Marcel.
9 (RLIN) 38039
245 10 - MENCIÓN DEL TÍTULO
Título Su alteza el vendedor /
Mención de responsabilidad, etc. Marcel Chapotin ; prefacio de Paul Nicolás ; ilustraciones de Pierre Soynier ; [traducido por Alfredo Puigvert Calderón de la Barca].
260 ## - PUBLICACIÓN, DISTRIBUCIÓN, ETC.
Lugar de publicación, distribución, etc. Madrid :
Nombre del editor, distribuidor, etc. Paraninfo,
Fecha de publicación, distribución, etc. 1967.
300 ## - DESCRIPCIÓN FÍSICA
Extensión 206 p. :
Otras características físicas il. ;
Dimensiones 21 cm.
650 04 - PUNTO DE ACCESO ADICIONAL DE MATERIA--TÉRMINO DE MATERIA
Término de materia o nombre geográfico como elemento de entrada Vendedores.
9 (RLIN) 17758
700 1# - ENTRADA AGREGADA--NOMBRE PERSONAL
Nombre de persona Nicolás, Paul.
9 (RLIN) 85569
700 1# - ENTRADA AGREGADA--NOMBRE PERSONAL
Nombre de persona Soymier, Pierre.
9 (RLIN) 107614
700 1# - ENTRADA AGREGADA--NOMBRE PERSONAL
Nombre de persona Puigvert Calderón de la Barca, Alfredo.
9 (RLIN) 94311
852 ## - LOCALIZACIÓN
Ubicación ES-MaACL
Número de control de estantería C-32428
Sublocalización o colección R.62970
Holdings
Estatus retirado Estado de pérdida Estado de daño No para préstamo Biblioteca de origen Biblioteca actual Ubicación en estantería Fecha de adquisición Fuente de adquisición Total de préstamos Signatura topográfica completa Código de barras Visto por última vez Precio de reemplazo Tipo de ítem Koha
        Biblioteca del Ateneo de Madrid Biblioteca del Ateneo de Madrid Depósito 2 17/01/2008     C-32428 1053886 23/02/2023 23/02/2023 Libro impreso